Dudas y errores de lenguaje /

Guardat en:
Dades bibliogràfiques
Autor principal: Martínez de Sousa, José (autor)
Format: Llibre
Idioma:espanyol
Publicat: Barcelona, España : Bruguera, 1974
Matèries:
Etiquetes: Afegir etiqueta
Sense etiquetes, Sigues el primer a etiquetar aquest registre!

MARC

LEADER 00000nam^a2200000^a^4500
001 000004792
005 20250521000000.0
009 20260310083318.326
037 |a Acervo ITESO - Biblioteca 
041 |a ESP 
082 |a 465.  |b MAR 
100 |a Martínez de Sousa, José  |e (autor) 
245 1 0 |a Dudas y errores de lenguaje /  |c J. Martínez de Sousa. 
264 1 |a Barcelona, España :  |b Bruguera,  |c 1974 
300 |a 430 p. 
336 |a texto  |b txt  |2 rdacontenido 
337 |a sin mediación  |b n  |2 rdamedio 
338 |a volumen  |b nc  |2 rdasoporte 
649 |a XX 
650 |a Español -  |x Tema Principal 
650 |a Lenguas 
650 |a Lingüística 
910 |a Fondo General 
920 |a Impresos - Libros 
930 |a Obras de Referencia 
905 |a 102 
901 |a 0047920100  |b IT2  |c REF  |i 004792  |u 20250521 
902 |a https://opac.biblio.iteso.mx/vufind/Record/000004792